Trecie zváranie s premiešaním vysokopevnej ocele
Uložené v:
| Hlavný autor: | |
|---|---|
| Ďalší autori: | |
| Médium: | Rukopis Kniha |
| Jazyk: | Slovak |
| Vydavateľské údaje: |
2015
|
| Predmet: | |
| On-line prístup: | http://is.stuba.sk/zp/portal_zp.pl?podrobnosti=98892 |
| Tagy: |
Žiadne tagy, Buďte prvý, kto otaguje tento záznam!
|
MARC
| LEADER | 00000ntm a22000003a 4500 | ||
|---|---|---|---|
| 001 | stuzp51869 | ||
| 003 | SK-STU | ||
| 005 | 20160719154005.9 | ||
| 007 | ta | ||
| 008 | 150427s2015----xo-----f-mn---000-0-slo-d | ||
| 040 | |a STU |b slo | ||
| 041 | 0 | |a slo | |
| 100 | 1 | |a Britan, Jozef |u 020050 |4 aut |U SjF Strojnícka fakulta |T SjF Ústav technológií a materiálov |X 54936 |U J0050 |Y 803 |7 54936 | |
| 242 | 0 | 1 | |a Friction stir welding of high-strength steels |y eng |
| 245 | 1 | 0 | |a Trecie zváranie s premiešaním vysokopevnej ocele |
| 260 | |c 2015 | ||
| 650 | 4 | |a Trecie zváranie s premiešaním |2 slo | |
| 650 | 4 | |a vysokopevné ocele TRIP |2 slo | |
| 650 | 4 | |a spekaný karbid |2 slo | |
| 650 | 4 | |a nitrid kremíka |2 slo | |
| 650 | 4 | |a nástroj |2 slo | |
| 650 | 4 | |a Friction stir welding |2 eng | |
| 650 | 4 | |a high-strength TRIP steels |2 eng | |
| 650 | 4 | |a tool |2 eng | |
| 650 | 4 | |a cemented carbide |2 eng | |
| 650 | 4 | |a silicon nitride |2 eng | |
| 700 | 1 | |a Belanová, Judita |4 ths |X 2346 |7 A000002346 | |
| 856 | 4 | |u http://is.stuba.sk/zp/portal_zp.pl?podrobnosti=98892 | |
| 996 | |b 284J043835 |c J* 2125/BP |l JJSK |s A |a 24 |w stuzp51869_0001 | ||
| SQL | |a stuzp51869 |b DBP |c SLO |d Trecie zváranie s premiešaním vysokopevnej ocele |e 54936 |f Britan, Jozef |g 020050 |h 2346 |i Belanová, Judita |j 20150615 |k 644 |l 02 |m http://is.stuba.sk/zp/portal_zp.pl?podrobnosti=98892 |n B-STAM |o 5.2.51. výrobné technológie | ||